Idearium español

Guardat en:
Dades bibliogràfiques
Autor principal: Ganivet, Angel
Format: Llibre
Idioma:Undetermined
Publicat: Madrid, España Angel T. de Ganivet 1915
Matèries:
Etiquetes: Afegir etiqueta
Sense etiquetes, Sigues el primer a etiquetar aquest registre!

MARC

LEADER 00000nam a2200000Ia 4500
008 170316s9999 xx 000 0 und d
040 |a cru BVZT 
090 |a 862 G-4i 
100 |a Ganivet, Angel 
245 |a Idearium español 
260 |a Madrid, España 
260 |b Angel T. de Ganivet 
260 |c 1915 
300 |a 184 páginas 
650 |a LITERATURA ESPAÑOLA 
999 |c 9955  |d 9955 
942 |c 15 D  |h 862 G-4i  |2 z